000 00626nam a2200217 a 4500
001 000019307
005 20200929165958.0
008 100601s20uu a 000 0 spa d
020 _a8430599940
040 _aDO-SdBNP
_bspa
_cBNPHU
082 _axxx
_bF954g
100 1 _aFuentes, Osmandy
_941528
245 1 0 _aGuía de la percusión cubana /
_cOsmandy Fuentes.
260 _aMadrid :
_bTikal,
_c200?
300 _a141 p. :
_bil. ;
_c26 cm.
490 1 _aMusical
500 _aIncluye notas al pie de las páginas
504 _aIncluye referencias bibliográficas ( p. 141)
830 0 _aMusical
_941527
049 _aBNPD
999 _c18825
_d18825